20 propuestas para reformar el capitalismo / (Registro nro. 5836)
[ vista simple ]
| 000 -LEADER | |
|---|---|
| fixed length control field | 01640nam a2200337Ia 4500 |
| 003 - CONTROL NUMBER IDENTIFIER | |
| control field | OSt |
| 005 - DATE AND TIME OF LATEST TRANSACTION | |
| control field | 20200610132158.0 |
| 008 - FIXED-LENGTH DATA ELEMENTS--GENERAL INFORMATION | |
| fixed length control field | 191128s2013 ck gr 000 0 spa d |
| 020 ## - INTERNATIONAL STANDARD BOOK NUMBER | |
| International Standard Book Number | 9786124102042 |
| 040 ## - CATALOGING SOURCE | |
| Original cataloging agency | CO-JMCR |
| Transcribing agency | CO-JMCR |
| 041 1# - LANGUAGE CODE | |
| Language code of text/sound track or separate title | spa |
| Language code of original | fr |
| 082 04 - DEWEY DECIMAL CLASSIFICATION NUMBER | |
| Classification number | 330.122 / |
| Item number | G522p |
| Edition number | 23 |
| 100 1# - MAIN ENTRY--PERSONAL NAME | |
| Personal name | Giraud, Gaël, |
| Relator term | director |
| 9 (RLIN) | 5395 |
| 245 #0 - TITLE STATEMENT | |
| Title | 20 propuestas para reformar el capitalismo / |
| Remainder of title | dirección editorial Gaël Giraud y Cécile Renouard ; con la colaboración de Henri Afman, Frédéric Baule, Max de Chantérac [y otros] ; prefacio de Pascal Lamy |
| 250 ## - EDITION STATEMENT | |
| Edition statement | Primera edición |
| 260 ## - PUBLICATION, DISTRIBUTION, ETC. | |
| Place of publication, distribution, etc. | Bogotá : |
| Name of publisher, distributor, etc. | Pontificia Universidad Javeriana : Universidad del Pacífico : Universidad Ruiz de Montoya, |
| Date of publication, distribution, etc. | 2013 |
| 300 ## - PHYSICAL DESCRIPTION | |
| Extent | 353 páginas |
| Dimensions | 24 cm. |
| 500 ## - GENERAL NOTE | |
| General note | Incluye datos biográficos de los directores editoriales en las solapas. |
| 504 ## - BIBLIOGRAPHY, ETC. NOTE | |
| Bibliography, etc. note | Bibliografía: páginas 339-349 |
| 505 ## - FORMATTED CONTENTS NOTE | |
| Formatted contents note | Hacer de la función social de la empresa una prioridad estratégica: estimular y controlar -- Por un control independiente, financiero y extrafinanciero de las empresas -- Integrar el medioambiente, lo social y la gobernanza al análisis |
| 534 ## - ORIGINAL VERSION NOTE | |
| Introductory phrase | 20 propositions pour réforme le capitalisme |
| 546 ## - LANGUAGE NOTE | |
| Language note | Traducido del francés |
| 650 14 - SUBJECT ADDED ENTRY--TOPICAL TERM | |
| Topical term or geographic name entry element | Capitalismo |
| General subdivision | Crisis económica |
| 9 (RLIN) | 5396 |
| 650 24 - SUBJECT ADDED ENTRY--TOPICAL TERM | |
| Topical term or geographic name entry element | Globalización |
| General subdivision | Sistemas económicos |
| 9 (RLIN) | 5397 |
| 700 1# - ADDED ENTRY--PERSONAL NAME | |
| Personal name | Renouard, Cécile, |
| Relator term | director |
| 9 (RLIN) | 5398 |
| 700 1# - ADDED ENTRY--PERSONAL NAME | |
| Personal name | Afman, Henri, |
| Relator term | colaborador |
| 9 (RLIN) | 5399 |
| 700 1# - ADDED ENTRY--PERSONAL NAME | |
| Personal name | Baule, Fréderic, |
| Relator term | colaborador |
| 9 (RLIN) | 5400 |
| 700 1# - ADDED ENTRY--PERSONAL NAME | |
| Personal name | Chantérac, Max de, |
| Relator term | colaborador |
| 9 (RLIN) | 5401 |
| 700 1# - ADDED ENTRY--PERSONAL NAME | |
| Personal name | Lamy, Pascal, |
| Relator term | prefacio |
| 9 (RLIN) | 5402 |
| 942 ## - ADDED ENTRY ELEMENTS (KOHA) | |
| Source of classification or shelving scheme | Dewey Decimal Classification |
| Koha item type | Books |
| Withdrawn status | Lost status | Source of classification or shelving scheme | Materials specified (bound volume or other part) | Damaged status | Not for loan | Home library | Current library | Shelving location | Date acquired | Source of acquisition | Cost, normal purchase price | Total Checkouts | Full call number | Barcode | Date last seen | Copy number | Price effective from | Koha item type |
|---|---|---|---|---|---|---|---|---|---|---|---|---|---|---|---|---|---|---|
| Dewey Decimal Classification | Donación--15/04/2018-- | Biblioteca Pública José María del Castillo y Rada | Biblioteca Pública José María del Castillo y Rada | General Stacks | 11/28/2019 | Donación | 0.00 | 330.122 / G522p | 430005095 | 05/16/2024 | Ej.1 | 11/28/2019 | Books |